Planètes de Star Wars vues de l'espace - Statistiques

Statistiques générales
  • Ce quiz a été pris 71 fois
  • Le résultat moyen est 8 sur 20
Statistiques - réponses
Par images Hint Réponse % Correct
1 / 2 / Clone Wars Naboo
92%
1 / 2 / Clone Wars / 3 / RO / Rebels / 6 / Mandalorian Coruscant
87%
Clone Wars / 3 / Rebels / RO / 9 Mustafar
82%
7 Ilum
68%
2 / Clone Wars / Rebels Geonosis
67%
5 Hoth
58%
2 / Clone Wars Kamino
50%
5 Bespin
40%
Clone Wars / 5 / 6 Dagobah
40%
Clone Wars / Rebels Dathomir
37%
Clone Wars / 3 Utapau
32%
3 / Clone Wars Felucia
23%
8 Crait
22%
Clone Wars / Solo Kessel
22%
Clone Wars / Rebels Christophsis
15%
9 Kijimi
13%
8 Cantonica
12%
7 Hosnian Prime
10%
Solo Mimban
7%
Rebels Stygeon Prime
3%
Aucun quiz correspondant
Distribution des résultats
% des personnes avec chaque résultat
Percentile par nombre de réponses
Votre historique - résultats
Vous n’avez pas pris ce quiz